000 00505nam a2200205Ia 4500
005 20240823020507.0
008 240823s9999||||xx |||||||||||||| ||und||
020 _a981-243-660-X
041 _aENGLISH
082 _A658.15 P4
100 _a"Brigham,Eugine F"
245 0 _aFinancial Management
250 _a10th
260 _c2004
_b"Thompson,Aust"
500 _aYES
650 _afinancial Management
_bManagement Studies
700 _a" Ehrhardt,Michael C"
942 _cBK
999 _c174885
_d174885